The Calculus Lifesaver
Saved in:
| Main Author: | |
|---|---|
| Format: | Book |
| Language: | English |
| Published: |
Princeton
Princeton University Press
2007
|
| Series: | A Princeton lifesaver study guide
|
| Subjects: | |
| Tags: |
No Tags, Be the first to tag this record!
|
MARC
| LEADER | 00000nam a2200000 4500 | ||
|---|---|---|---|
| 001 | 0193009 | ||
| 005 | 20240313133554.2 | ||
| 020 | |a 978-0-691-13088-0 | ||
| 020 | |a 0-691-13088-4 | ||
| 041 | 0 | |a eng | |
| 044 | |a US | ||
| 245 | 1 | 0 | |a The Calculus Lifesaver |c Adrian Banner |
| 264 | 1 | |a Princeton |b Princeton University Press |c 2007 | |
| 300 | |a 728 s. | ||
| 490 | 1 | |a A Princeton lifesaver study guide | |
| 830 | 0 | |a A Princeton lifesaver study guide | |
| 610 | 2 | 0 | |a matematika aplikovaná |
| 610 | 2 | 0 | |a limity |
| 610 | 2 | 0 | |a funkcie matematické |
| 610 | 2 | 0 | |a optimalizácia |
| 100 | 1 | |a Banner, Adrian | |